[Event "BCF-chT2b 1213 (4NCL)"]
[Site "England"]
[Date "2013.01.12"]
[Round "3.67"]
[White "Jones, Laurence"]
[Black "Weller, Pierre"]
[Result "0-1"]
[WhiteElo "1749"]
[BlackElo "2124"]
[PlyCount "122"]
[EventDate "2012.11.03"]
[EventType "team-tourn"]
[EventRounds "7"]
[EventCountry "ENG"]
[SourceTitle "EXT 2014"]
[Source "ChessBase"]
[SourceDate "2013.11.20"]
[SourceVersion "1"]
[SourceVersionDate "2013.11.20"]
[SourceQuality "1"]
[WhiteTeam "KJCA Kings"]
[BlackTeam "White Rose II"]
[WhiteTeamCountry "ENG"]
[BlackTeamCountry "ENG"]

1. e4 e6 2. d4 d5 3. Nd2 Be7 4. Bd3 c5 5. dxc5 Bxc5 6. Ngf3 Nf6 7. exd5 exd5 8. 0-0 0-0 9. Nb3 Be7 10. h3 Nc6 11. c3 Be6 12. Qc2 Qd6 13. Bg5 h6 14. Bh4 Nh5 15. Bxe7 Qxe7 16. Rae1 Qf6 17. Nbd4 Nf4 18. Nxe6 fxe6 19. Re3 e5 20. Nh2 a6 21. Rfe1 Rae8 22. Ng4 Qd6 23. Bf1 Rf7 24. g3 Ng6 25. Bg2 h5 26. Nh2 Ref8 27. R3e2 h4 28. Bxd5 Qxd5 29. Qxg6 Rf6 30. Qg5 hxg3 31. Qxg3 Qd8 32. f3 Rf4 33. Re4 Qb6+ 34. Qf2 Qa5 35. Rxf4 exf4 36. b4 Qb5 37. Qe2 Qg5+ 38. Qg2 Qf6 39. Qc2 Qg5+ 40. Qg2 Qf6 41. Qc2 Qh4 42. Qe2 Qg3+ 43. Kh1 Qxh3 44. Qe6+ Qxe6 45. Rxe6 Kf7 46. Rd6 Ke7 47. Rd2 Ne5 48. Kg2 Rc8 49. Rc2 Kf6 50. Ng4+ Nxg4 51. fxg4 Kg5 52. Kf3 Re8 53. a4 Re3+ 54. Kf2 Kxg4 55. c4 Rh3 56. Rc1 Rh2+ 57. Kg1 Ra2 58. b5 Rxa4 59. b6 Kg3 60. c5 Rb4 61. Rc3+ f3 0-1

[Event "BCF-chT2b 1213 (4NCL)"]
[Site "England"]
[Date "2012.11.04"]
[Round "2.64"]
[White "Dilleigh, Stephen P"]
[Black "Weller, Pierre"]
[Result "1/2-1/2"]
[WhiteElo "2112"]
[BlackElo "2124"]
[PlyCount "94"]
[EventDate "2012.11.03"]
[EventType "team-tourn"]
[EventRounds "7"]
[EventCountry "ENG"]
[SourceTitle "EXT 2014"]
[Source "ChessBase"]
[SourceDate "2013.11.20"]
[SourceVersion "1"]
[SourceVersionDate "2013.11.20"]
[SourceQuality "1"]
[WhiteTeam "Bristol"]
[BlackTeam "White Rose II"]
[WhiteTeamCountry "ENG"]
[BlackTeamCountry "ENG"]

1. d4 Nf6 2. c4 c5 3. d5 b5 4. cxb5 a6 5. bxa6 g6 6. Nc3 Bxa6 7. e4 Bxf1 8. Kxf1 d6 9. g3 Bg7 10. Kg2 Nbd7 11. Nf3 0-0 12. Re1 Ng4 13. Nd2 Nge5 14. Qe2 Nb6 15. f4 Ned7 16. a4 Bxc3 17. bxc3 Nxa4 18. c4 Nc3 19. Rxa8 Qxa8 20. Qd3 Na2 21. Bb2 Rb8 22. Ba1 f6 23. e5 Nb4 24. Qc3 fxe5 25. fxe5 Nxd5 26. cxd5 Qxd5+ 27. Kg1 Nxe5 28. Qe3 Qxd2 29. Bxe5 Qxe3+ 30. Rxe3 Kf7 31. Bc3 Rb3 32. Kf2 d5 33. Be5 Rxe3 34. Kxe3 Ke6 35. Bb8 Kf5 36. h3 e5 37. g4+ Ke6 38. Ba7 c4 39. Bc5 Kd7 40. Bf8 Kc6 41. Bg7 d4+ 42. Ke4 d3 43. Ke3 Kd5 44. Bf6 h5 45. Bh8 hxg4 46. hxg4 Ke6 47. Bg7 Kd5 1/2-1/2

[Event "BCF-chT2b 1213 (4NCL)"]
[Site "England"]
[Date "2012.11.03"]
[Round "1.76"]
[White "Weller, Pierre"]
[Black "Farrand, Julian"]
[Result "1-0"]
[WhiteElo "2124"]
[BlackElo "2081"]
[PlyCount "113"]
[EventDate "2012.11.03"]
[EventType "team-tourn"]
[EventRounds "7"]
[EventCountry "ENG"]
[SourceTitle "EXT 2014"]
[Source "ChessBase"]
[SourceDate "2013.11.20"]
[SourceVersion "1"]
[SourceVersionDate "2013.11.20"]
[SourceQuality "1"]
[WhiteTeam "White Rose II"]
[BlackTeam "Barbican Youth"]
[WhiteTeamCountry "ENG"]
[BlackTeamCountry "ENG"]

1. d4 d6 2. e4 Nf6 3. Nc3 c6 4. a4 Nbd7 5. Nf3 e5 6. Bc4 h6 7. h3 Be7 8. 0-0 Qc7 9. Re1 g5 10. b3 Nf8 11. Bb2 Ng6 12. Nh2 h5 13. Nf1 g4 14. hxg4 hxg4 15. Ng3 Be6 16. d5 Bd7 17. Nf5 Bxf5 18. exf5 Nf4 19. dxc6 bxc6 20. Bc1 g3 21. Bxf4 exf4 22. Qd4 0-0-0 23. Ba6+ Kb8 24. Qb4+ Ka8 25. Qb7+ Qxb7 26. Bxb7+ Kxb7 27. Rxe7+ Rd7 28. Rxd7+ Nxd7 29. fxg3 fxg3 30. Ne4 Kc7 31. Nxg3 Rg8 32. Ne2 Nf6 33. Rf1 Nd5 34. Rf3 Re8 35. Kf2 Re5 36. g3 Kd7 37. Nd4 c5 38. Nb5 a6 39. Na3 Nf6 40. Nc4 Re8 41. Rd3 d5 42. Ne3 Re5 43. c3 Kc6 44. Kf3 Ne4 45. Nxd5 f6 46. Ne3 Ng5+ 47. Kg4 Ne4 48. Kf3 Ng5+ 49. Kg2 Re4 50. Nc4 Nf7 51. Kf2 Re8 52. Re3 Rxe3 53. Kxe3 Ng5 54. Kf4 Kd5 55. Ne3+ Kd6 56. Ng4 Ke7 57. Nf2 1-0

[Event "BCF-ch Major op"]
[Site "North Shields"]
[Date "2012.08.02"]
[Round "10.41"]
[White "Malhotra, Tarun"]
[Black "Weller, Pierre"]
[Result "0-1"]
[WhiteElo "2005"]
[BlackElo "2039"]
[PlyCount "102"]
[EventDate "2012.07.23"]
[EventType "swiss"]
[EventRounds "11"]
[EventCountry "ENG"]
[SourceTitle "EXT 2023"]
[Source "ChessBase"]
[SourceDate "2022.10.05"]
[SourceVersion "1"]
[SourceVersionDate "2022.10.05"]
[SourceQuality "1"]

1. e4 e6 2. d4 d5 3. Nc3 Nf6 4. Bg5 Bb4 5. e5 h6 6. Bd2 Bxc3 7. bxc3 Ne4 8. Qg4 Kf8 9. h4 c5 10. Bd3 Nxd2 11. Kxd2 c4 12. Be2 Nc6 13. Rh3 b5 14. Rg3 Rg8 15. h5 a5 16. Nf3 Qe7 17. a3 Rb8 18. Qh4 Qxh4 19. Nxh4 b4 20. axb4 axb4 21. cxb4 Nxd4 22. Ra7 Nc6 23. Rc7 Nxe5 24. Nf3 Nd7 25. Nd4 Ke7 26. Re3 Kd8 27. Ra7 Rb7 28. Ra5 Kc7 29. Nb5+ Kc6 30. Nd4+ Kb6 31. Rea3 Nb8 32. Rb5+ Kc7 33. Rc5+ Kd6 34. Nb5+ Ke7 35. Na7 Bd7 36. Kc3 Rb6 37. Rca5 Kd6 38. b5 Kc5 39. Ra1 Rd8 40. Bf3 e5 41. Nc6 Re8 42. Ra7 e4 43. Kd2 Kd6 44. Nxb8 Rexb8 45. R1a6 c3+ 46. Kc1 Bxb5 47. Rxb6+ Rxb6 48. Rxf7 Ra6 49. Kb1 e3 50. Rxg7 Ra1+ 51. Kxa1 exf2 0-1

[Event "BCF-ch Major op"]
[Site "North Shields"]
[Date "2012.07.28"]
[Round "6.41"]
[White "Weller, Pierre"]
[Black "Waddington, Mike P"]
[Result "1-0"]
[WhiteElo "2039"]
[BlackElo "2123"]
[PlyCount "77"]
[EventDate "2012.07.23"]
[EventType "swiss"]
[EventRounds "11"]
[EventCountry "ENG"]
[SourceTitle "EXT 2023"]
[Source "ChessBase"]
[SourceDate "2022.10.05"]
[SourceVersion "1"]
[SourceVersionDate "2022.10.05"]
[SourceQuality "1"]

1. d4 c5 2. d5 g6 3. c4 Bg7 4. e4 d6 5. Bd3 Nf6 6. Nc3 0-0 7. h3 a6 8. Nf3 b5 9. 0-0 b4 10. Ne2 a5 11. Qc2 Nfd7 12. Bf4 a4 13. Rad1 Qb6 14. Qc1 Re8 15. Ng3 Ra7 16. Rfe1 Ne5 17. Nxe5 dxe5 18. Bh6 Bh8 19. h4 Nd7 20. h5 Nf6 21. hxg6 fxg6 22. f3 Bg7 23. Bxg7 Kxg7 24. Qg5 b3 25. a3 Qc7 26. Nf5+ Kf7 27. Nh6+ Kg7 28. f4 Nd7 29. Ng4 exf4 30. Qh6+ Kg8 31. e5 Nf8 32. e6 f3 33. Ne5 f2+ 34. Kxf2 Bxe6 35. dxe6 Nxe6 36. Bxg6 hxg6 37. Qxg6+ Ng7 38. Qf7+ Kh8 39. Rh1+ 1-0

[Event "BCF-ch Major op"]
[Site "North Shields"]
[Date "2012.07.25"]
[Round "3.42"]
[White "Way, Julian M"]
[Black "Weller, Pierre"]
[Result "1/2-1/2"]
[WhiteElo "1955"]
[BlackElo "2039"]
[PlyCount "60"]
[EventDate "2012.07.23"]
[EventType "swiss"]
[EventRounds "11"]
[EventCountry "ENG"]
[SourceTitle "EXT 2023"]
[Source "ChessBase"]
[SourceDate "2022.10.05"]
[SourceVersion "1"]
[SourceVersionDate "2022.10.05"]
[SourceQuality "1"]

1. g3 e5 2. Bg2 d5 3. d3 Nf6 4. a3 c5 5. Nf3 Nc6 6. 0-0 Be7 7. c3 a5 8. a4 0-0 9. Na3 h6 10. Qc2 Bf5 11. Nh4 Bh7 12. Bh3 Re8 13. Bf5 Bxf5 14. Nxf5 Bf8 15. e4 Qd7 16. Qe2 Kh7 17. Qf3 Qe6 18. Nb5 Rac8 19. Kg2 Red8 20. h3 c4 21. g4 cxd3 22. Qxd3 Nxe4 23. Be3 g6 24. Ng3 Nxg3 25. fxg3 d4 26. cxd4 exd4 27. Bf4 Nb4 28. Qf3 Rc2+ 29. Kh1 Re8 30. Nxd4 Qe4 1/2-1/2

[Event "BCF-chT2a 1112 (4NCL)"]
[Site "England"]
[Date "2012.02.12"]
[Round "6.8"]
[White "Stewart, Ashley"]
[Black "Weller, Pierre"]
[Result "1/2-1/2"]
[WhiteElo "2001"]
[BlackElo "1987"]
[PlyCount "116"]
[EventDate "2011.11.12"]
[EventType "team-tourn"]
[EventRounds "7"]
[EventCountry "ENG"]
[SourceTitle "EXT 2013"]
[Source "ChessBase"]
[SourceDate "2012.11.22"]
[SourceVersion "1"]
[SourceVersionDate "2012.11.22"]
[SourceQuality "1"]
[WhiteTeam "Barbican Youth"]
[BlackTeam "White Rose II"]
[WhiteTeamCountry "ENG"]
[BlackTeamCountry "ENG"]

1. d4 Nf6 2. c4 c5 3. d5 e6 4. Nc3 exd5 5. cxd5 d6 6. g3 g6 7. Bg2 Bg7 8. Nf3 0-0 9. 0-0 a6 10. a4 Re8 11. Nd2 Nh5 12. Nc4 f5 13. a5 Qe7 14. Re1 Nd7 15. e4 Ne5 16. Nb6 Rb8 17. h3 Nf7 18. Bd2 fxe4 19. Nxe4 Qf8 20. Nxc8 Rbxc8 21. Bc3 Be5 22. Bf3 Ng7 23. Bg4 Nf5 24. Nf6+ Bxf6 25. Bxf6 Rxe1+ 26. Qxe1 Re8 27. Qc3 Ne5 28. Bxe5 Rxe5 29. Qb3 h5 30. Bxf5 Rxf5 31. f4 Qf7 32. Re1 Qxd5 33. Re8+ Kf7 34. Qe3 Qd4 35. Re7+ Kf8 36. Qxd4 cxd4 37. Rxb7 d3 38. Kf2 Rxa5 39. Ke3 Rd5 40. Kd2 a5 41. Ra7 Rb5 42. Kxd3 Rxb2 43. Ke4 Rb3 44. f5 Rxg3 45. fxg6 Rg5 46. Kf4 Rxg6 47. Rxa5 Rf6+ 48. Kg5 Ke7 49. Kxh5 Ke6 50. Kg4 Rf1 51. h4 d5 52. Ra2 Ke5 53. Re2+ Kd4 54. h5 Rh1 55. Kg5 Rg1+ 56. Kf6 Rh1 57. Kg5 Kd3 58. Re8 d4 1/2-1/2

[Event "BCF-chT2a 1112 (4NCL)"]
[Site "England"]
[Date "2012.02.11"]
[Round "5.8"]
[White "Weller, Pierre"]
[Black "Patrick, David A"]
[Result "1-0"]
[WhiteElo "1987"]
[BlackElo "1953"]
[PlyCount "73"]
[EventDate "2011.11.12"]
[EventType "team-tourn"]
[EventRounds "7"]
[EventCountry "ENG"]
[SourceTitle "EXT 2013"]
[Source "ChessBase"]
[SourceDate "2012.11.22"]
[SourceVersion "1"]
[SourceVersionDate "2012.11.22"]
[SourceQuality "1"]
[WhiteTeam "White Rose II"]
[BlackTeam "Bradford DCA Knights"]
[WhiteTeamCountry "ENG"]
[BlackTeamCountry "ENG"]

1. d4 d5 2. c4 c6 3. Nf3 Nf6 4. e3 a6 5. Bd3 Bg4 6. Nbd2 Nbd7 7. Qc2 e6 8. b3 Bd6 9. Bb2 Bh5 10. 0-0 Rc8 11. h3 Bb8 12. Ng5 dxc4 13. bxc4 Qa5 14. c5 Qc7 15. f4 Nd5 16. Nc4 Qd8 17. Qd2 Bc7 18. a4 Bg6 19. Bxg6 hxg6 20. a5 N5f6 21. Bc3 Rh5 22. Qc2 Qe7 23. Rab1 Rb8 24. Rb2 Nd5 25. Bd2 Nf8 26. Ne4 Nh7 27. Qb1 g5 28. Ned6+ Bxd6 29. Nxd6+ Kf8 30. fxg5 Nxg5 31. e4 Nxh3+ 32. gxh3 Qh4 33. Rf3 Nf6 34. Rxb7 Rxb7 35. Qxb7 Kg8 36. Qxf7+ Kh7 37. Qxe6 1-0

[Event "BCF-chT2a 1112 (4NCL)"]
[Site "England"]
[Date "2011.11.12"]
[Round "1.8"]
[White "Weller, Pierre"]
[Black "Kourtseva, Julie"]
[Result "1-0"]
[WhiteElo "1987"]
[BlackElo "1742"]
[PlyCount "45"]
[EventDate "2011.11.12"]
[EventType "team-tourn"]
[EventRounds "7"]
[EventCountry "ENG"]
[SourceTitle "EXT 2013"]
[Source "ChessBase"]
[SourceDate "2012.11.22"]
[SourceVersion "1"]
[SourceVersionDate "2012.11.22"]
[SourceQuality "1"]
[WhiteTeam "White Rose II"]
[BlackTeam "Cambridge II"]
[WhiteTeamCountry "ENG"]
[BlackTeamCountry "ENG"]

1. d4 d5 2. c4 c6 3. Nf3 Nf6 4. e3 Bf5 5. cxd5 cxd5 6. Qb3 Qc8 7. Bd2 e6 8. Bb5+ Nbd7 9. 0-0 Bd6 10. Bb4 Bxb4 11. Qxb4 a6 12. Bxd7+ Qxd7 13. Rc1 Ne4 14. Ne5 Qb5 15. Qa3 Qb6 16. Nc3 Nd6 17. Qa4+ Ke7 18. Qd7+ Kf6 19. g4 Bg6 20. h4 h6 21. f4 Qd8 22. Nxd5+ exd5 23. g5+ 1-0

[Event "GBR-ch Major 98th"]
[Site "Sheffield"]
[Date "2011.07.29"]
[Round "5"]
[White "McCullough, Simon L"]
[Black "Weller, Pierre"]
[Result "1-0"]
[WhiteElo "2068"]
[BlackElo "1904"]
[PlyCount "117"]
[EventDate "2011.07.25"]
[EventType "swiss"]
[EventRounds "11"]
[EventCountry "ENG"]
[SourceTitle "EXT 2012"]
[Source "ChessBase"]
[SourceDate "2011.11.24"]
[SourceVersion "1"]
[SourceVersionDate "2011.11.24"]
[SourceQuality "1"]

1. e4 e6 2. b3 d5 3. Bb2 Nf6 4. e5 Nfd7 5. Qg4 c5 6. f4 Nc6 7. Nf3 g6 8. Nc3 a6 9. Be2 Ne7 10. Qh3 h5 11. a4 Bh6 12. g3 Nf5 13. Bd3 Ne7 14. 0-0 b6 15. Rad1 Bb7 16. Rf2 Nb8 17. Ba3 Nbc6 18. Rb1 Nf5 19. Bxf5 exf5 20. d4 Bf8 21. Re1 cxd4 22. Bxf8 dxc3 23. Bg7 Rg8 24. Bf6 Qd7 25. Ng5 Nd4 26. e6 Nxe6 27. Rfe2 Kf8 28. Nxe6+ fxe6 29. Rxe6 d4 30. Be7+ Kf7 31. Rd6 Qc7 32. Qh4 Be4 33. Qf6+ Ke8 34. Re6 Kd7 35. Qf7 Rg7 36. Qf6 Re8 37. Rd6+ Kc8 38. Qxg7 Rxe7 39. Qxd4 Rd7 40. Rxd7 Qxd7 41. Qxd7+ Kxd7 42. Re3 Bxc2 43. Rxc3 Be4 44. Kf2 a5 45. Ke3 Kd6 46. Kd4 Bd5 47. Re3 Be6 48. Kc3 Bd7 49. Kc4 Bc6 50. Re5 Bd7 51. b4 Bxa4 52. bxa5 bxa5 53. Rxa5 Be8 54. Ra6+ Ke7 55. Kd5 Kf7 56. Ke5 Kg7 57. Ra7+ Kh6 58. Kf6 h4 59. Ra8 1-0

[Event "GBR-ch Major 98th"]
[Site "Sheffield"]
[Date "2011.07.27"]
[Round "3"]
[White "Weller, Pierre"]
[Black "Kalerwa, Edwin M"]
[Result "1-0"]
[WhiteElo "1904"]
[BlackElo "1691"]
[PlyCount "69"]
[EventDate "2011.07.25"]
[EventType "swiss"]
[EventRounds "11"]
[EventCountry "ENG"]
[SourceTitle "EXT 2012"]
[Source "ChessBase"]
[SourceDate "2011.11.24"]
[SourceVersion "1"]
[SourceVersionDate "2011.11.24"]
[SourceQuality "1"]

1. d4 Nf6 2. Bg5 c5 3. d5 Ne4 4. Bc1 d6 5. f3 Qa5+ 6. c3 Nf6 7. a4 g6 8. e4 Bg7 9. Na3 Nbd7 10. Nc4 Qc7 11. Bf4 Nh5 12. Bg5 h6 13. Bh4 g5 14. Bf2 Nf4 15. h4 f6 16. h5 f5 17. g3 Nxh5 18. Rxh5 Nf6 19. Rh1 fxe4 20. fxe4 Bg4 21. Qd3 0-0-0 22. Ne3 Kb8 23. Nxg4 Nxg4 24. Bh3 Nxf2 25. Kxf2 c4 26. Qe3 h5 27. Bf5 g4 28. Ne2 Bh6 29. Qd4 e5 30. dxe6 d5 31. exd5 Rhf8 32. Kg2 Bg7 33. Qe4 Qb6 34. e7 Rxf5 35. exd8Q+ 1-0

[Event "BCF-chT2 1011 (4NCL)"]
[Site "England"]
[Date "2011.05.01"]
[Round "10.58"]
[White "Weller, Pierre"]
[Black "Ehr, Jennifer"]
[Result "1/2-1/2"]
[WhiteElo "1954"]
[BlackElo "1507"]
[PlyCount "73"]
[EventDate "2010.11.06"]
[EventType "team-swiss"]
[EventRounds "11"]
[EventCountry "ENG"]
[SourceTitle "EXT 2012"]
[Source "ChessBase"]
[SourceDate "2011.11.24"]
[SourceVersion "1"]
[SourceVersionDate "2011.11.24"]
[SourceQuality "1"]
[WhiteTeam "White Rose II"]
[BlackTeam "Kings Head"]
[WhiteTeamCountry "ENG"]
[BlackTeamCountry "ENG"]

1. d4 Nf6 2. Bg5 Ne4 3. Bf4 d5 4. e3 Nd7 5. Bd3 Ndf6 6. Ne2 g6 7. f3 Nd6 8. Nd2 Bf5 9. Ng3 Bxd3 10. cxd3 Qd7 11. b4 a5 12. a3 Bg7 13. bxa5 Rxa5 14. Nb3 Ra7 15. 0-0 0-0 16. Nc5 Qc6 17. Rc1 Qe8 18. Ra1 Qa8 19. Qc1 b6 20. Nb3 Rc8 21. Rf2 Nd7 22. Rc2 e5 23. dxe5 Nxe5 24. d4 Nd3 25. Qb1 Nxf4 26. exf4 Nb5 27. Rd2 c5 28. dxc5 Bxa1 29. Nxa1 Rxc5 30. f5 Qc6 31. Nb3 Nxa3 32. Qd1 Nc4 33. Re2 Rb5 34. Nd4 Qc5 35. Re8+ Kg7 36. Kh1 Rba5 37. Nb3 1/2-1/2